[Event "Klatovy op-A 23rd"]
[Site "Klatovy"]
[Date "2017.07.04"]
[Round "4"]
[White "Svanda, Ondrej"]
[Black "Fox, Pierre"]
[Result "1-0"]
[WhiteElo "2061"]
[BlackElo "1761"]
[PlyCount "97"]
[EventDate "2017.07.01"]
[EventType "swiss"]
[EventRounds "9"]
[EventCountry "CZE"]
[SourceTitle "EXT 2018"]
[Source "ChessBase"]
[SourceDate "2017.10.13"]
[SourceVersion "1"]
[SourceVersionDate "2017.10.13"]
[SourceQuality "1"]

1. e4 e5 2. Nf3 Nc6 3. d4 exd4 4. Bc4 Nf6 5. e5 Ng4 6. Qe2 Qe7 7. Bf4 f6 8. exf6 Qxe2+ 9. Bxe2 Nxf6 10. Nbd2 Bb4 11. 0-0-0 d6 12. Nb3 Bd7 13. Nfxd4 0-0-0 14. a3 Nxd4 15. Rxd4 Bc5 16. Nxc5 dxc5 17. Rdd1 Rde8 18. Rhe1 Ne4 19. Be3 Rhf8 20. Bf3 b6 21. h4 Bc6 22. Bg4+ Kb7 23. f3 Ng3 24. Bd7 Bxd7 25. Rxd7 Nf5 26. Bf2 Kc6 27. Rdd1 h5 28. c3 Rd8 29. Rxd8 Rxd8 30. g4 hxg4 31. fxg4 Nd6 32. Bg3 Re8 33. Rxe8 Nxe8 34. Kd2 Nf6 35. Be5 Nxg4 36. Bxg7 Kd5 37. Ke2 Ke4 38. a4 a6 39. h5 Kf5 40. h6 Kg6 41. Kf3 Nxh6 42. Bxh6 Kxh6 43. Ke4 Kg5 44. Kd5 Kf5 45. Kc6 Ke5 46. Kxc7 Kd5 47. Kxb6 a5 48. Kxa5 Kc6 49. c4 1-0

[Event "Gibraltar Masters 8th"]
[Site "Caleta"]
[Date "2010.01.29"]
[Round "4"]
[White "Fox, Pierre"]
[Black "Sedina, Elena"]
[Result "0-1"]
[WhiteElo "1788"]
[BlackElo "2335"]
[PlyCount "80"]
[EventDate "2010.01.26"]
[EventType "swiss"]
[EventRounds "10"]
[EventCountry "GGB"]
[SourceTitle "CBM 134 Extra"]
[Source "ChessBase"]
[SourceDate "2010.03.03"]
[SourceVersion "1"]
[SourceVersionDate "2010.03.03"]
[SourceQuality "1"]

1. d4 Nf6 2. c4 c6 3. Nf3 d5 4. Qc2 dxc4 5. e4 b5 6. b3 cxb3 7. axb3 e6 8. Bd2 Bb7 9. Ba5 Qc8 10. Bd3 Be7 11. 0-0 h6 12. b4 Nbd7 13. Nc3 Nb6 14. Bxb6 axb6 15. e5 Nd7 16. Rab1 0-0 17. Qb3 Qd8 18. Be4 Nb8 19. Rfd1 Na6 20. Nxb5 Rb8 21. Nc3 Nxb4 22. Rb2 Ba6 23. Qa4 b5 24. Qb3 Qc8 25. Rc1 Qd8 26. Rd1 Nd5 27. Nxd5 cxd5 28. Bb1 b4 29. Qc2 g6 30. Qd2 Kg7 31. Ba2 Rc8 32. Ne1 Rc3 33. Rc2 Qc7 34. Rdc1 Rc8 35. Bb3 Qa5 36. g3 Qa3 37. Rb1 Rxb3 38. Ra2 Rxb1 39. Rxa3 bxa3 40. Kg2 Bb4 0-1

[Event "Gibraltar Masters 8th"]
[Site "Caleta"]
[Date "2010.01.28"]
[Round "3"]
[White "Thingstad, Even"]
[Black "Fox, Pierre"]
[Result "0-1"]
[WhiteElo "2141"]
[BlackElo "1788"]
[PlyCount "65"]
[EventDate "2010.01.26"]
[EventType "swiss"]
[EventRounds "10"]
[EventCountry "GGB"]
[SourceTitle "CBM 134 Extra"]
[Source "ChessBase"]
[SourceDate "2010.03.03"]
[SourceVersion "1"]
[SourceVersionDate "2010.03.03"]
[SourceQuality "1"]

1. d4 d5 2. c4 e6 3. Nc3 Bb4 4. Nf3 Nf6 5. Bg5 dxc4 6. Qa4+ Nc6 7. Ne5 Qxd4 8. Bd2 Qxe5 9. e3 Qa5 10. Qc2 b5 11. Be2 Bb7 12. 0-0 0-0 13. f4 Qb6 14. Rf3 Ne7 15. Rh3 Ng6 16. Rf1 Bd6 17. Kh1 b4 18. Nd1 b3 19. Qb1 Be4 20. Qa1 Rad8 21. Bc3 Qc6 22. Rg1 Bf5 23. Bf3 Ne4 24. g4 Qa6 25. gxf5 exf5 26. Bxe4 fxe4 27. f5 Ne5 28. Nf2 f6 29. Qd1 Nf3 30. Qd5+ Kh8 31. a3 Nxg1 32. Rh5 Ne2 33. Qd1 0-1

[Event "Gibraltar Masters 8th"]
[Site "Caleta"]
[Date "2010.01.26"]
[Round "1"]
[White "Compton, Alistair"]
[Black "Fox, Pierre"]
[Result "1/2-1/2"]
[WhiteElo "2066"]
[BlackElo "1788"]
[PlyCount "82"]
[EventDate "2010.01.26"]
[EventType "swiss"]
[EventRounds "10"]
[EventCountry "GGB"]
[SourceTitle "CBM 134 Extra"]
[Source "ChessBase"]
[SourceDate "2010.03.03"]
[SourceVersion "1"]
[SourceVersionDate "2010.03.03"]
[SourceQuality "1"]

1. e4 e5 2. Nf3 Nc6 3. Nc3 Nf6 4. d4 Bb4 5. Nxe5 0-0 6. Nxc6 dxc6 7. e5 Re8 8. Bg5 c5 9. Bb5 c6 10. 0-0 Qxd4 11. exf6 gxf6 12. Qxd4 cxd4 13. Bxf6 dxc3 14. bxc3 Bxc3 15. Bxc3 cxb5 16. f4 Bf5 17. Rf3 Re6 18. Bd4 Rc8 19. c3 a5 20. h3 h5 21. a3 Kh7 22. Kf2 Rc4 23. Re3 b4 24. axb4 axb4 25. Ra4 b3 26. Rxc4 b2 27. Rb4 b1Q 28. Rxb1 Bxb1 29. Rf3 f5 30. Rg3 Rg6 31. Re3 Be4 32. g3 Ra6 33. Re2 Ra1 34. g4 Rh1 35. Kg3 hxg4 36. hxg4 Kg6 37. g5 Rf1 38. Bf2 Rc1 39. Be1 Rd1 40. Bf2 Kh5 41. Bd4 Rd3+ 1/2-1/2

[Event "Amantea op-A 7th"]
[Site "Amantea"]
[Date "2009.09.01"]
[Round "2"]
[White "Fox, Pierre"]
[Black "Estremera Panos, Sergio"]
[Result "0-1"]
[WhiteElo "1796"]
[BlackElo "2394"]
[PlyCount "40"]
[EventDate "2009.08.31"]
[EventType "swiss"]
[EventRounds "9"]
[EventCountry "ITA"]
[SourceTitle "CBM 132 Extra"]
[Source "ChessBase"]
[SourceDate "2009.11.03"]
[SourceVersion "1"]
[SourceVersionDate "2009.11.03"]
[SourceQuality "1"]

1. d4 Nf6 2. c4 e6 3. Nc3 Bb4 4. g3 d5 5. Bg2 0-0 6. Nf3 dxc4 7. 0-0 Nc6 8. Rb1 Rb8 9. Bg5 h6 10. Bxf6 Qxf6 11. Qa4 a6 12. e4 b5 13. e5 bxa4 14. exf6 gxf6 15. Nxa4 Rd8 16. Rfd1 Bd7 17. Nc5 Bxc5 18. dxc5 Bc8 19. Nd2 c3 20. Nb3 c2 0-1

[Event "EU Union-ch 3rd"]
[Site "Arvier"]
[Date "2007.06.21"]
[Round "7"]
[White "Astengo, Marcello"]
[Black "Fox, Pierre"]
[Result "1-0"]
[WhiteElo "2061"]
[BlackElo "1832"]
[PlyCount "71"]
[EventDate "2007.06.15"]
[EventType "swiss"]
[EventRounds "10"]
[EventCountry "ITA"]
[SourceTitle "CBM 118 Extra"]
[Source "ChessBase"]
[SourceDate "2007.07.04"]
[SourceVersion "1"]
[SourceVersionDate "2007.07.04"]
[SourceQuality "1"]

1. d4 d5 2. c4 dxc4 3. e4 e5 4. d5 Nf6 5. Nc3 b5 6. Bg5 Bb4 7. a4 c6 8. dxc6 Qxd1+ 9. Rxd1 Nxc6 10. Bxf6 gxf6 11. axb5 Na5 12. f4 Bd7 13. Nf3 Bxb5 14. fxe5 fxe5 15. Nxe5 0-0 16. Be2 Rfe8 17. Ng4 Re6 18. 0-0 Bc6 19. Nf6+ Kg7 20. Nh5+ Kg8 21. Bg4 Rd6 22. Nd5 Bc5+ 23. Kh1 Bxd5 24. exd5 Nb3 25. Be2 Na5 26. Nf6+ Rxf6 27. Rxf6 Rb8 28. d6 Rxb2 29. Bh5 Nb7 30. d7 Nd8 31. Bxf7+ Kg7 32. Rf3 a5 33. Bxc4 Bb6 34. Rb3 Rxb3 35. Bxb3 Kf6 36. Rd6+ 1-0

[Event "EU Union-ch 3rd"]
[Site "Arvier"]
[Date "2007.06.18"]
[Round "4"]
[White "Fox, Pierre"]
[Black "Antoniacci, Ricardo"]
[Result "0-1"]
[WhiteElo "1832"]
[BlackElo "1995"]
[PlyCount "62"]
[EventDate "2007.06.15"]
[EventType "swiss"]
[EventRounds "10"]
[EventCountry "ITA"]
[SourceTitle "CBM 118 Extra"]
[Source "ChessBase"]
[SourceDate "2007.07.04"]
[SourceVersion "1"]
[SourceVersionDate "2007.07.04"]
[SourceQuality "1"]

1. d4 Nf6 2. c4 e6 3. Nc3 Bb4 4. f3 d5 5. a3 Bxc3+ 6. bxc3 0-0 7. cxd5 exd5 8. e3 Bf5 9. Ne2 Re8 10. Ng3 Bg6 11. Bb5 c6 12. Bd3 Nh5 13. Bxg6 hxg6 14. Ra2 Qh4 15. Kf2 Nd7 16. Re2 Re6 17. Kg1 Nxg3 18. hxg3 Qxg3 19. Rh3 Qc7 20. Qe1 Rae8 21. a4 Qd6 22. Qh4 f5 23. Qg5 Qe7 24. Qf4 Nb6 25. g4 Qf6 26. Reh2 fxg4 27. Rh8+ Kf7 28. Rxe8 Qxf4 29. exf4 Rxe8 30. Kf2 gxf3 31. Kxf3 Nxa4 0-1

[Event "EU Union-ch 3rd"]
[Site "Arvier"]
[Date "2007.06.16"]
[Round "2"]
[White "Fox, Pierre"]
[Black "Motzer, Heinrich"]
[Result "1-0"]
[WhiteElo "1832"]
[BlackElo "2021"]
[PlyCount "107"]
[EventDate "2007.06.15"]
[EventType "swiss"]
[EventRounds "10"]
[EventCountry "ITA"]
[SourceTitle "CBM 118 Extra"]
[Source "ChessBase"]
[SourceDate "2007.07.04"]
[SourceVersion "1"]
[SourceVersionDate "2007.07.04"]
[SourceQuality "1"]

1. d4 Nf6 2. c4 e5 3. dxe5 Ng4 4. e3 Nxe5 5. Nh3 Nbc6 6. Nf4 Bb4+ 7. Bd2 Bxd2+ 8. Qxd2 d6 9. Nc3 0-0 10. Be2 b6 11. Ncd5 Bb7 12. 0-0 Rc8 13. Rad1 Re8 14. b3 a5 15. a3 Ne7 16. Rfe1 Nf5 17. e4 Nh4 18. Qe3 Qg5 19. Qg3 Qxg3 20. hxg3 Nhg6 21. Nh3 Ne7 22. Nc3 Bc6 23. f4 N5g6 24. Bf3 Kf8 25. Nf2 Ng8 26. Ng4 h5 27. Ne3 h4 28. Kf2 hxg3+ 29. Kxg3 Nf6 30. Ned5 Nxd5 31. cxd5 Bd7 32. Bg4 Bxg4 33. Kxg4 Ke7 34. Nb5 Kd8 35. Rc1 Rh8 36. g3 Rh2 37. Rc6 Ne7 38. Rc3 c5 39. dxc6 Rxc6 40. Rd3 Nc8 41. Red1 Ke7 42. Nd4 Rc7 43. Nf5+ Kf8 44. e5 g6 45. Nxd6 Rb2 46. Nc4 Re2 47. Kg5 Kg7 48. Ne3 Rh2 49. f5 gxf5 50. Nxf5+ Kh7 51. Rd8 Ne7 52. Nd6 Ng6 53. Ne8 Nf8 54. Nxc7 1-0

[Event "EU Union-ch 3rd"]
[Site "Arvier"]
[Date "2007.06.15"]
[Round "1"]
[White "Ocantos, Manuel"]
[Black "Fox, Pierre"]
[Result "1-0"]
[WhiteElo "2178"]
[BlackElo "1832"]
[PlyCount "97"]
[EventDate "2007.06.15"]
[EventType "swiss"]
[EventRounds "10"]
[EventCountry "ITA"]
[SourceTitle "CBM 118 Extra"]
[Source "ChessBase"]
[SourceDate "2007.07.04"]
[SourceVersion "1"]
[SourceVersionDate "2007.07.04"]
[SourceQuality "1"]

1. d4 d5 2. Nf3 Nf6 3. c4 dxc4 4. e3 Bg4 5. Bxc4 e6 6. Nc3 Nc6 7. h3 Bh5 8. g4 Bg6 9. Nh4 Be4 10. f3 Bd5 11. Nxd5 Nxd5 12. Ng2 Bb4+ 13. Kf2 Qd7 14. a3 Be7 15. b4 Nb6 16. Bb3 Bf6 17. Bb2 0-0-0 18. f4 g5 19. Qf3 gxf4 20. Nxf4 Bh4+ 21. Kg2 Ne5 22. Qe2 Ng6 23. Nd3 Qc6+ 24. Qf3 Qxf3+ 25. Kxf3 Rhf8 26. Rhf1 Nd5 27. Ke2 f5 28. Nc5 Rd6 29. Nxe6 Rxe6 30. Bxd5 Rd6 31. Bb3 f4 32. e4 Bg5 33. e5 Rdd8 34. Be6+ Kb8 35. Bf5 Ne7 36. Be4 Nd5 37. Bxd5 Rxd5 38. Kd3 Kc8 39. Ke4 c6 40. Rad1 Kd7 41. Bc1 Ke6 42. Bxf4 Rxf4+ 43. Rxf4 Bxf4 44. Kxf4 h6 45. Ke4 a5 46. Kd3 axb4 47. axb4 b6 48. Kc4 Rd8 49. Rf1 1-0

[Event "Chigorin Memorial-B 14th"]
[Site "St Petersburg"]
[Date "2006.10.26"]
[Round "5"]
[White "Ivanov, Pavel1111"]
[Black "Fox, Pierre"]
[Result "1-0"]
[WhiteElo "2055"]
[BlackElo "1813"]
[PlyCount "41"]
[EventDate "2006.10.23"]
[EventType "swiss"]
[EventRounds "9"]
[EventCountry "RUS"]
[SourceTitle "EXT 2007"]
[Source "ChessBase"]
[SourceDate "2006.11.23"]
[SourceVersion "1"]
[SourceVersionDate "2006.11.23"]
[SourceQuality "1"]

1. e4 e5 2. Nf3 Nc6 3. Bb5 Nf6 4. 0-0 Nxe4 5. d4 Nd6 6. Bxc6 dxc6 7. Bg5 Be7 8. Bxe7 Qxe7 9. Nxe5 Be6 10. Nc3 0-0-0 11. Na4 Nf5 12. c3 f6 13. Nd3 b6 14. Re1 Qd6 15. Qe2 Rhe8 16. Ndc5 b5 17. Nxe6 Rd7 18. Nac5 Rde7 19. a4 Kb8 20. axb5 g6 21. Ra6 1-0

[Event "Hastings Masters op 81st"]
[Site "Hastings"]
[Date "2006.01.02"]
[Round "6"]
[White "Wilson, Alexandra"]
[Black "Fox, Pierre"]
[Result "1-0"]
[WhiteElo "2101"]
[BlackElo "1813"]
[PlyCount "49"]
[EventDate "2005.12.28"]
[EventType "swiss"]
[EventRounds "10"]
[EventCountry "ENG"]
[SourceTitle "CBM 110 Extra"]
[Source "ChessBase"]
[SourceDate "2006.03.10"]
[SourceVersion "2"]
[SourceVersionDate "2006.03.10"]
[SourceQuality "1"]

1. e4 e5 2. Nf3 Nc6 3. Bb5 Nf6 4. 0-0 Nxe4 5. d4 Nd6 6. Bxc6 dxc6 7. dxe5 Ne4 8. Qe2 Bf5 9. Rd1 Qc8 10. Nd4 Bc5 11. c3 0-0 12. f3 Re8 13. Be3 Rxe5 14. b4 Nxc3 15. Nxc3 Bxd4 16. Rxd4 Qe6 17. Re1 Re8 18. Kf2 g5 19. Qd2 h6 20. Rd8 Qc4 21. Rxe8+ Rxe8 22. Qd4 Qxd4 23. Bxd4 Rxe1 24. Kxe1 b6 25. Be5 1-0

[Event "Hastings Masters op 81st"]
[Site "Hastings"]
[Date "2006.01.01"]
[Round "5"]
[White "Fox, Pierre"]
[Black "Mansson, James C"]
[Result "0-1"]
[WhiteElo "1813"]
[BlackElo "2114"]
[PlyCount "58"]
[EventDate "2005.12.28"]
[EventType "swiss"]
[EventRounds "10"]
[EventCountry "ENG"]
[SourceTitle "CBM 110 Extra"]
[Source "ChessBase"]
[SourceDate "2006.03.10"]
[SourceVersion "2"]
[SourceVersionDate "2006.03.10"]
[SourceQuality "1"]

1. c4 e5 2. Nc3 Nf6 3. Nf3 Nc6 4. e3 Bb4 5. Nd5 e4 6. Ng1 0-0 7. a3 Bd6 8. Ne2 Nxd5 9. cxd5 Ne5 10. Nc3 f5 11. d3 exd3 12. Bxd3 Nxd3+ 13. Qxd3 b6 14. 0-0 Qh4 15. g3 Qh3 16. Rd1 a5 17. Qf1 Qh5 18. Qe2 Qg6 19. Nb5 Ba6 20. a4 Rae8 21. Qc2 Bxb5 22. axb5 Qh5 23. Ra4 g5 24. Rdd4 f4 25. Re4 Rxe4 26. Rxe4 fxg3 27. hxg3 Qf3 28. Qd3 Qxf2+ 29. Kh1 Qe1+ 0-1

[Event "Hastings Masters op 81st"]
[Site "Hastings"]
[Date "2005.12.29"]
[Round "2"]
[White "Calvert, David Ian"]
[Black "Fox, Pierre"]
[Result "1-0"]
[WhiteElo "2073"]
[BlackElo "1813"]
[PlyCount "79"]
[EventDate "2005.12.28"]
[EventType "swiss"]
[EventRounds "10"]
[EventCountry "ENG"]
[SourceTitle "CBM 110 Extra"]
[Source "ChessBase"]
[SourceDate "2006.03.10"]
[SourceVersion "2"]
[SourceVersionDate "2006.03.10"]
[SourceQuality "1"]

1. b3 d5 2. Bb2 Nf6 3. Nf3 e6 4. c4 Be7 5. g3 c6 6. Bg2 Qb6 7. d3 Nbd7 8. 0-0 Nf8 9. Nbd2 Ng6 10. Ne5 Nxe5 11. Bxe5 d4 12. Nf3 c5 13. a3 0-0 14. b4 Nd7 15. bxc5 Bxc5 16. Rb1 Qa6 17. Bxd4 Bxd4 18. Nxd4 Nc5 19. Nb5 Rb8 20. d4 Rd8 21. Qe1 Nd7 22. Qb4 Nf6 23. e3 Rd7 24. Rfc1 Ne8 25. c5 Nc7 26. c6 bxc6 27. Rxc6 Rxb5 28. Qxb5 Nxb5 29. Rxa6 Bxa6 30. Bc6 Rc7 31. Bxb5 Rb7 32. a4 Kf8 33. Rc1 Rb6 34. Rc7 Bb7 35. Rc1 Ke7 36. Bf1 Kd6 37. Bg2 Ba6 38. a5 Rb5 39. Rc6+ Kd7 40. Rxa6 1-0

[Event "Monarch Assurance 14th"]
[Site "Port Erin"]
[Date "2005.10.02"]
[Round "9"]
[White "Heyl, Thomas"]
[Black "Fox, Pierre"]
[Result "1-0"]
[WhiteElo "2101"]
[BlackElo "1815"]
[PlyCount "55"]
[EventDate "2005.09.24"]
[EventType "swiss"]
[EventRounds "9"]
[EventCountry "IOM"]
[SourceTitle "CBM 108 Extra"]
[Source "ChessBase"]
[SourceDate "2005.11.04"]
[SourceVersion "1"]
[SourceVersionDate "2005.11.04"]
[SourceQuality "1"]

1. d4 d5 2. Nf3 Nf6 3. Bf4 Bf5 4. c3 c6 5. h3 Nbd7 6. Nbd2 Qb6 7. Qb3 Qxb3 8. axb3 Bc2 9. b4 Ne4 10. e3 f6 11. Be2 g5 12. Bh2 Nb6 13. 0-0 h5 14. Rfc1 Nxd2 15. Nxd2 Bg6 16. b5 e6 17. bxc6 bxc6 18. Ra6 Kd7 19. Rca1 Nc8 20. b4 Rh7 21. Nb3 Bd6 22. Bxd6 Kxd6 23. b5 Rb8 24. Rxc6+ Kd7 25. Nc5+ Ke8 26. Rxe6+ Re7 27. Rxf6 Rb6 28. Rxg6 1-0

[Event "Monarch Assurance 14th"]
[Site "Port Erin"]
[Date "2005.09.29"]
[Round "6"]
[White "Fraser Mitchell, Jeremy N"]
[Black "Fox, Pierre"]
[Result "1-0"]
[WhiteElo "2098"]
[BlackElo "1815"]
[PlyCount "71"]
[EventDate "2005.09.24"]
[EventType "swiss"]
[EventRounds "9"]
[EventCountry "IOM"]
[SourceTitle "CBM 108 Extra"]
[Source "ChessBase"]
[SourceDate "2005.11.04"]
[SourceVersion "1"]
[SourceVersionDate "2005.11.04"]
[SourceQuality "1"]

1. d4 d5 2. c4 e6 3. Nc3 Be7 4. Bf4 Nf6 5. e3 0-0 6. Nf3 c5 7. dxc5 Bxc5 8. cxd5 exd5 9. Bd3 Bg4 10. 0-0 Re8 11. Bg5 h6 12. Bxf6 Qxf6 13. Nxd5 Qd6 14. Be2 Nc6 15. Nc3 Qg6 16. Qd5 Bb6 17. Nh4 Qe6 18. Qxe6 Bxe6 19. Nf3 a6 20. a3 Bb3 21. Nd2 Na5 22. Nxb3 Nxb3 23. Rad1 Rac8 24. Bf3 Nc5 25. b4 Ne6 26. Na4 Bd8 27. Bxb7 Rc2 28. Bxa6 Bf6 29. Bb7 Re7 30. Bd5 Rd7 31. Bb3 Rcd2 32. Rxd2 Rxd2 33. Rd1 Re2 34. Kf1 Rb2 35. Nxb2 Bxb2 36. a4 1-0

[Event "Balatonlelle op-B"]
[Site "Balatonlelle "]
[Date "2005.06.22"]
[Round "5"]
[White "Fox, Pierre"]
[Black "Preisler, Roland"]
[Result "0-1"]
[WhiteElo "1839"]
[BlackElo "1598"]
[PlyCount "116"]
[EventDate "2005.06.18"]
[EventType "swiss"]
[EventRounds "9"]
[EventCountry "HUN"]
[SourceTitle "EXT 2008"]
[Source "ChessBase"]
[SourceDate "2007.11.25"]
[SourceVersion "1"]
[SourceVersionDate "2007.11.25"]
[SourceQuality "1"]

1. c4 c5 2. Nf3 Nc6 3. d4 cxd4 4. Nxd4 Nxd4 5. Qxd4 d6 6. g3 Qc7 7. Nc3 e6 8. Bg2 a6 9. 0-0 Bd7 10. Rd1 Nf6 11. Bg5 Be7 12. Bxf6 gxf6 13. Rac1 Bc6 14. Nd5 Qd8 15. Nxe7 Kxe7 16. e4 Qc7 17. Qd2 Rad8 18. Rc3 Qa5 19. b4 Qxb4 20. Qe3 Qc5 21. Qh6 Qg5 22. Qh3 h5 23. f3 h4 24. f4 Qc5+ 25. Kf1 hxg3 26. Qxg3 Rdg8 27. Qf3 Rxh2 28. Rc2 f5 29. Qf2 Qxf2+ 30. Rxf2 Bxe4 31. Bxe4 Rxf2+ 32. Kxf2 fxe4 33. Ke3 f5 34. Rb1 Rb8 35. a4 Kd7 36. a5 Kc7 37. Kd4 b6 38. axb6+ Rxb6 39. Rh1 Rb3 40. Rh6 Kc6 41. c5 Rd3+ 42. Kc4 d5+ 43. Kb4 Rd4+ 44. Ka5 Kxc5 45. Rxe6 e3 46. Rxe3 Rxf4 47. Kxa6 Rc4 48. Re5 f4 49. Rf5 Ra4+ 50. Kb7 Re4 51. Kc7 Kd4 52. Kd6 Ke3 53. Kxd5 Re8 54. Rf7 f3 55. Kd6 f2 56. Kd7 Re4 57. Kd6 Ke2 58. Kd5 Re8 0-1

[Event "Geraardsbergen op"]
[Site "Geraardsbergen"]
[Date "2003.08.17"]
[Round "7"]
[White "De Vleeschauwer, Raoul"]
[Black "Fox, Pierre"]
[Result "1/2-1/2"]
[WhiteElo "100"]
[BlackElo "1585"]
[PlyCount "114"]
[EventDate "2003.08.??"]
[EventType "swiss"]
[EventRounds "7"]
[EventCountry "BEL"]
[SourceTitle "EXT 2005"]
[Source "ChessBase"]
[SourceDate "2004.11.15"]
[SourceVersion "1"]
[SourceVersionDate "2004.11.15"]
[SourceQuality "1"]

1. d3 g6 2. d4 Bg7 3. c3 Nf6 4. Nf3 0-0 5. Bf4 d6 6. h3 b5 7. e3 a6 8. Nbd2 Nbd7 9. Be2 Nb6 10. 0-0 Bb7 11. Qc2 Rc8 12. a3 c5 13. dxc5 Rxc5 14. e4 Nc4 15. Bxc4 bxc4 16. Be3 Rh5 17. Bd4 e5 18. Be3 Qd7 19. Nh2 Bh6 20. Bxh6 Rxh6 21. f3 Nh5 22. Ng4 Kg7 23. Nxh6 Kxh6 24. Nxc4 Bc6 25. Rfd1 Nf4 26. Qd2 Ba4 27. Re1 Kg7 28. Kh2 h5 29. Nb6 Qe6 30. Nxa4 g5 31. Nb6 g4 32. Nd5 g3+ 33. Kh1 Nxh3 34. gxh3 Qxh3+ 35. Kg1 f6 36. Qg2 Qxg2+ 37. Kxg2 h4 38. Rh1 Rh8 39. Ne3 Kg6 40. Rad1 Kg5 41. Rxd6 Rb8 42. b4 Rc8 43. c4 Kf4 44. Nd5+ Kg5 45. c5 a5 46. bxa5 Rxc5 47. Nb4 Rxa5 48. Ra1 Ra8 49. a4 Rb8 50. Rb1 Ra8 51. Rd5 Rxa4 52. Rb2 Ra1 53. f4+ Kxf4 54. Nd3+ Kxe4 55. Rd8 Ke3 56. Nc5 Kf4 57. Rh8 Kg5 1/2-1/2